Estadísticas para Países que más inmigran a España

Haz click aquí para intentar la prueba.

Estadísticas generales

  • Esta prueba ha sido intentada 102 veces
  • La puntuación promedio es 12 de 15

Estadísticas de respuestas

Pais% Correcto
Marruecos
97%
Argentina
96%
Colombia
93%
Francia
92%
Venezuela
89%
Perú
88%
Ecuador
87%
Alemania
84%
Reino Unido
82%
Rumania
77%
China
76%
Bolivia
73%
Brasil
73%
Cuba
61%
República Dominicana
51%

Distribución de puntuación

Porcentaje por número respondido

Porcentaje de gente con cada puntuación

Historial de tus puntuaciones

No has intentado esta prueba.